Maailman seitsemän maanosaa - Statistics

Yleistilastot
  • Tätä visaa on pelattu 1 461 kertaa
  • Keskiarvotulos 7 / 7
Vastaukset kartalla
Vastauksille on annettu kartalla punavihreä väri sen mukaan, kuinka moni on saanut sen oikein.
 
Vastaustilastot
Maanosa % Oikein
Afrikka
99%
Aasia
98%
Etelä-Amerikka
98%
Eurooppa
98%
Australia ja Oseania
97%
Pohjois-Amerikka
97%
Etelämanner
87%
Ehtoja vastaavia visoja ei löytynyt
Tulosjakauma
Jokaisen tuloksen saaneiden osuus
Persentiili vastausten määrän mukaan
Tuloshistoriasi
Et ole pelannut tätä visaa